书目信息 |
| 题名: |
政治协商会议资料
|
|
| 作者: | ||
| 分册: | ||
| 出版信息: | 成都 四川人民出版社 1981 |
|
| 页数: | 586页 | |
| 开本: | 19cm | |
| 丛书名: | ||
| 单 册: | ||
| 中图分类: | K266.206 , K266 | |
| 科图分类: | ||
| 主题词: | ||
| 电子资源: | ||
| ISBN: | ||
| 000 | 00619nam0 2200229 450 | |
| 001 | 1568142719 | |
| 005 | 20150123185607.28 | |
| 010 | @dCNY1.58 | |
| 091 | @a11118.59 | |
| 100 | @a19950405d1981 em y0chiy0110 ea | |
| 101 | 0 | @achi |
| 102 | @aCN@b510000 | |
| 105 | @ay z 000yy | |
| 200 | 1 | @a政治协商会议资料@9zheng zhi xie shang hui yi zi liao |
| 210 | @a成都@c四川人民出版社@d1981 | |
| 215 | @a586页@d19cm | |
| 601 | 1 | @a中国政治协商会议@f(1946)@x史料 |
| 601 | 1 | @2CT@3S096319@a中国政治协商会议@f(1946) |
| 690 | @aK266.206@v5 | |
| 690 | @aK266@v4 | |
| 801 | 0 | @aCN@bTSSF@c20150123 |
| 905 | @aZUCC@dK266@eJY17 | |
| 政治协商会议资料.-成都:四川人民出版社,1981 |
| 586页;19cm |
| ISBN :CNY1.58 |
| ● |
| 相关链接 |
|
|
|
|
正题名:政治协商会议资料
索取号:K266/JY17
 
预约/预借
| 序号 | 登录号 | 条形码 | 馆藏地/架位号 | 状态 | 备注 |
| 1 | 7855696 | 278556965 | 学院路分馆/ [索取号:K266/JY17] | 在馆 | |
| 2 | 7855697 | 278556974 | 学院路分馆/ [索取号:K266/JY17] | 在馆 |